000 00303nam a22001097a 4500
050 _aQK495
_b.064
245 _aThe botanical review.
_bSpecial Orchid Conservation Issue
260 _aNew York Botanical Garden
_b[Bronx,
300 _a294
650 _vJournal, magazine : Periodical : English
942 _cGEN
999 _c1627
_d1627